Métodos estadísticos aplicados / (Registro nro. 58097)

Detalles MARC
000 -LEADER
campo de control de longitud fija 00628nam a2200193 i 4500
001 - NÚMERO DE CONTROL
campo de control 58097
003 - IDENTIFICADOR DE NÚMERO DE CONTROL
campo de control ES-MaACL
005 - FECHA Y HORA DE LA ÚLTIMA TRANSACCIÓN
campo de control 20230906163727.0
007 - CAMPO FIJO DE DESCRIPCIÓN FÍSICA--INFORMACIÓN GENERAL
campo de control de longitud fija t|
008 - DATOS DE LONGITUD FIJA--INFORMACIÓN GENERAL
campo de control de longitud fija 031021s1971 sp ||||1| spa d
100 1# - ENTRADA PRINCIPAL--NOMBRE DE PERSONA
Nombre de persona Downie, N. M.
9 (RLIN) 45537
245 10 - MENCIÓN DEL TÍTULO
Título Métodos estadísticos aplicados /
Mención de responsabilidad, etc. N.M. Downie, R.W. Heath ; [traducción y adaptación, J.P. Vilaplana, A. Gutiérrez Vázquez].
260 ## - PUBLICACIÓN, DISTRIBUCIÓN, ETC.
Lugar de publicación, distribución, etc. Madrid :
Nombre del editor, distribuidor, etc. Del Castillo,
Fecha de publicación, distribución, etc. [1971]
300 ## - DESCRIPCIÓN FÍSICA
Extensión 373 p. ;
Dimensiones 24 cm.
700 1# - ENTRADA AGREGADA--NOMBRE PERSONAL
Nombre de persona Heath. R. W.
9 (RLIN) 62252
700 1# - ENTRADA AGREGADA--NOMBRE PERSONAL
Nombre de persona Vilaplana, J. P.
9 (RLIN) 114786
700 1# - ENTRADA AGREGADA--NOMBRE PERSONAL
Nombre de persona Gutiérrez Vázquez, A.
9 (RLIN) 61232
852 ## - LOCALIZACIÓN
Ubicación ES-MaACL
Número de control de estantería C-38065
Sublocalización o colección R.76197
Existencias
Estatus retirado Estado de pérdida Estado de daño No para préstamo Biblioteca de origen Biblioteca actual Ubicación en estantería Fecha de adquisición Fuente de adquisición Total de préstamos Signatura topográfica completa Código de barras Visto por última vez Precio de reemplazo Tipo de ítem Koha
        Biblioteca del Ateneo de Madrid Biblioteca del Ateneo de Madrid Depósito 2 17/01/2008     C-38065 1060971 23/02/2023 23/02/2023 Libro impreso